000 00766cam a22002531 4500
001 3114990
003 OSt
005 20230622141516.0
008 711020s1966 nyu b 000 0 eng
010 _a 66017306
040 _aDLC
_cDLC
_dDLC
082 0 0 _a329.07
_bNOV
100 1 _aNovack, George,
_d1905-1992,
_eed.
245 1 0 _aExistentialism versus Marxism;
_bconflicting views on humanism,
_cedited with an introd. by George Novack.
260 _a[New York,
_bDell Pub. Co.,
_c1966]
300 _aviii, 344 p.
_c21 cm.
490 0 _aA Delta book
504 _aBibliography: p. 341-344.
650 0 _aDialectical materialism.
650 0 _aExistentialism.
650 0 _aHumanism.
906 _a7
_bcbc
_corignew
_du
_eocip
_f19
_gy-gencatlg
942 _2ddc
_cBK
999 _c2348
_d2348